Name The Country By The Picture #5 - Statistics

General Stats
  • This quiz has been taken 70 times
  • The average score is 9 of 15
Answer Stats
Picture Answer % Correct
United Arab Emirates
95%
United States of America
95%
Australia
91%
Vatican City
89%
Japan
88%
India
79%
Egypt
68%
Italy
68%
France (French Polynesia)
58%
Canada
54%
Namibia
51%
Tanzania
35%
Philippines
33%
Honduras
16%
Uruguay
14%
No matching quizzes found
Score Distribution
Percent of People with Each Score
Percentile by Number Answered
Your Score History
You have not taken this quiz